Central Library OPAC University of Rajshahi

Social defence : (Record no. 48377)

MARC details
000 -LEADER
fixed length control field 00926cam a22002891 4500
001 - CONTROL NUMBER
control field 48377
003 - CONTROL NUMBER IDENTIFIER
rucl marc code BD-RjUL
005 - DATE AND TIME OF LATEST TRANSACTION
control field 20211209054519.0
008 - FIXED-LENGTH DATA ELEMENTS--GENERAL INFORMATION
fixed length control field 720322t19661965nyu b 000 0 eng
035 ## - SYSTEM CONTROL NUMBER
System control number (BD-RjUL)48496
System control number (OCoLC)268770
040 ## - CATALOGING SOURCE
Original cataloging agency DLC
Transcribing agency ODaWU
Modifying agency OCoLC
-- MoSU-L
-- DLC
-- BD-RjUL
Language of cataloging eng
041 1# - LANGUAGE CODE
Language code of text/sound track or separate title eng
Language code of original fre
082 ## - DEWEY DECIMAL CLASSIFICATION NUMBER
Classification number 345
Edition number 23
Author mark and year ANS 1965
100 1# - MAIN ENTRY--PERSONAL NAME
Personal name Ancel, Marc.
9 (RLIN) 146393
245 10 - TITLE STATEMENT
Title Social defence :
Remainder of title a modern approach to criminal problems /
Statement of responsibility, etc. Marc Ancel ; with a foreword by Leon Radzinowicz.
260 ## - PUBLICATION, DISTRIBUTION, ETC. (IMPRINT)
Place of publication, distribution, etc. New York :
Name of publisher, distributor, etc. Schocken Books,
Date of publication, distribution, etc. c1966
300 ## - PHYSICAL DESCRIPTION
Pagination x, 232 p. ;
Size 23 cm.
500 ## - GENERAL NOTE
General note Translation of La nouvelle défense sociale.
504 ## - BIBLIOGRAPHY, ETC. NOTE
Bibliography, etc Bibliographical footnotes.
650 #0 - SUBJECT ADDED ENTRY--TOPICAL TERM
Topical term or geographic name as entry element Crime.
9 (RLIN) 146459
Topical term or geographic name as entry element Criminal law.
9 (RLIN) 146460
700 ## - ADDED ENTRY--PERSONAL NAME
Personal name Radzinowicz, Leon
942 ## - ADDED ENTRY ELEMENTS (KOHA)
Source of classification or shelving scheme Dewey Decimal Classification
Koha item type Books
Holdings
Lost status Source of classification or shelving scheme Damaged status Not for loan Collection code Permanent Location Current Location Shelving location Date acquired Source of acquisition Cost, normal purchase price Total Checkouts Full call number Date last seen Copy number Koha item type
  Dewey Decimal Classification     Non-fiction Central Library, University of Rajshahi Central Library, University of Rajshahi   06/09/1972 Swets & zeitlinger 2070.00   345 ANS 1966 13/08/2016 C-2 Books
  Dewey Decimal Classification     Non-fiction Central Library, University of Rajshahi Central Library, University of Rajshahi   07/08/1973 Pragon Enterprize ltd. 40.00   345 ANS 1966 14/08/2016 C-3 Books
  Dewey Decimal Classification   Not For Loan Non-fiction Central Library, University of Rajshahi Central Library, University of Rajshahi Reading Room 06/09/1972 Sweets & Zeilinger 2.70   345 ANS 1966 29/12/2016 C-1 Books